Подробности
| 000 -МАРКЕР |
| контрольное поле |
03607nam0a2200481 4500 |
| 001 - ИДЕНТИФИКАТОР ЗАПИСИ |
| контрольное поле |
RU\NLR\BIBL_A\016278570 |
| 005 - ИДЕНТИФИКАТОР ВЕРСИИ |
| контрольное поле |
20230524094821.0 |
| 010 ## - МЕЖДУНАРОДНЫЙ СТАНДАРТНЫЙ НОМЕР КНИГИ (ISBN) |
| Тираж |
100 |
| Номер (ISBN) |
978-5-7508-1956-0 |
| 021 ## - НОМЕР ГОСУДАРСТВЕННОЙ РЕГИСТРАЦИИ |
| Код страны |
Российская Федерация |
| Номер |
КН-П-22-094320 |
| Номер Листа государственной регистраци |
КН-П-22-8426 |
| 029 10 - НОМЕР ДОКУМЕНТА (нормативные и технические документы. Неопубликованные документы) |
| Страна |
Российская Федерация |
| Номер |
2.6.1.0294-22 |
| Тип номера документа |
МР |
| 035 ## - ДРУГИЕ СИСТЕМНЫЕ НОМЕРА |
| Идентификатор записи |
(NLR Aleph) 016278570 |
| 035 ## - ДРУГИЕ СИСТЕМНЫЕ НОМЕРА |
| Идентификатор записи |
(RuMoRGB)011509920 |
| 100 ## - ДАННЫЕ ОБЩЕЙ ОБРАБОТКИ |
| Данные общей обработки |
20230207d2022 k y0rusy50 ca |
| 101 0# - ЯЗЫК РЕСУРСА |
| Язык текста, звукозаписи и т.д. |
русский |
| 102 ## - СТРАНА ПУБЛИКАЦИИ ИЛИ ПРОИЗВОДСТВА |
| Страна публикации |
Российская Федерация |
| 105 ## - ПОЛЕ КОДИРОВАННЫХ ДАННЫХ: ТЕКСТОВЫЕ МАТЕРИАЛЫ, МОНОГРАФИЧЕСКИЕ |
| Кодированные данные о монографическом текстовом документе |
y l 000|y |
| 181 #1 - ПОЛЕ КОДИРОВАННЫХ ДАННЫХ: ВИД СОДЕРЖАНИЯ |
| Код вида содержания (ISBD) |
i |
| Код характеристики содержания (ISBD) |
e |
| 182 #1 - ПОЛЕ КОДИРОВАННЫХ ДАННЫХ: ТИП СРЕДСТВА |
| Код типа средства (ISBD) |
n - непосредственное |
| 200 9# - ЗАГЛАВИЕ И СВЕДЕНИЯ ОБ ОТВЕТСТВЕННОСТИ |
| Основное заглавие |
Действия специализированных формирований Роспотребнадзора в случае радиационного инцидента при проведении массовых мероприятий |
| Сведения, относящиеся к заглавию |
МР 2.6.1.0294-22 |
| Первые сведения об ответственности |
Разработаны ФБУН Санкт-Петербургским научным-исследовательским институтом радиационной гигиены имени профессора П.В. Рамзаева Роспотребнадзора |
| 203 ## - ВИД СОДЕРЖАНИЯ И ТИП СРЕДСТВА |
| Вид содержания |
Текст |
| Дополнительные сведения об издании |
визуальный |
| Тип средства |
непосредственный |
| 205 ## - СВЕДЕНИЯ ОБ ИЗДАНИИ |
| Сведения об издании |
Изд. офиц. |
| 210 ## - ПУБЛИКАЦИЯ, РАСПРОСТРАНЕНИЕ И ДР. |
| Место издания, распространения и т.д. |
Москва |
| Имя издателя, распространителя и т. д. |
Роспотребнадзор |
| Дата издания, распространения и т.д. |
2022 |
| 215 ## - ФИЗИЧЕСКАЯ ХАРАКТЕРИСТИКА |
| Специфическое обозначение материала и объем |
18, [1] с. |
| Размеры |
21 |
| 225 1# - СЕРИЯ |
| Основное заглавие серии |
Федеральная служба по надзору в сфере защиты прав потребителей и благополучия человека |
| 225 1# - СЕРИЯ |
| Основное заглавие серии |
2.6.1. Радиационная гигиена. Ионизирующее излучение, радиационная безопасность |
| 239 ## - ОБЛАСТЬ СПЕЦИФИЧЕСКИХ СВЕДЕНИЙ: НОРМАТИВНЫЕ И ТЕХНИЧЕСКИЕ ДОКУМЕНТЫ |
| Сведения |
Введ.29.07.2022 |
| 320 ## - ПРИМЕЧАНИЯ О НАЛИЧИИ В ДОКУМЕНТЕ БИБЛИОГРАФИИ / УКАЗАТЕЛЯ |
| Текст примечания |
Библиогр.: с. 19 (12 назв.) |
| 330 ## - РЕЗЮМЕ ИЛИ РЕФЕРАТ |
| Текст примечания |
1. Разработаны ФБУН "Санкт-Петербургский научно-исследовательский институт радиационной гигиены имени профессора П.В. Рамзаева" Роспотребнадзора (Барковский А. Н., Брук Г. Я., Громов А. В., Омельчук В. В., Сапрыкин К. А.). 2. Утверждены руководителем Федеральной службы по надзору в сфере защиты прав потребителей и благополучия человека, Главным государственным санитарным врачом Российской Федерации А. Ю. Поповой 29 июля 2022 г. 3. Введены впервые |
| 517 1# - ДРУГИЕ ВАРИАНТЫ ЗАГЛАВИЯ |
| Вариант заглавия |
МР 2.6.1.0294-22 |
| 606 1# - НАИМЕНОВАНИЕ ТЕМЫ КАК ПРЕДМЕТ |
| Наименование темы |
Массовые мероприятия |
| Тематический подзаголовок |
Радиационный контроль |
| Формальный подзаголовок |
Методические пособия |
| Код системы |
nlr_sh2 |
| Идентификатор авторитетной/нормативной записи |
RU\NLR\AUTH\6601721064 |
| 606 1# - НАИМЕНОВАНИЕ ТЕМЫ КАК ПРЕДМЕТ |
| Наименование темы |
Массовые мероприятия |
| Тематический подзаголовок |
Санитарно-эпидемиологический надзор |
| Формальный подзаголовок |
Методические пособия |
| Код системы |
nlr_sh2 |
| Идентификатор авторитетной/нормативной записи |
RU\NLR\AUTH\6601721065 |
| 675 ## - УНИВЕРСАЛЬНАЯ ДЕСЯТИЧНАЯ КЛАССИФИКАЦИЯ (UDC/УДК) |
| Индекс |
614.876(083.74) |
| Издание |
4 |
| 686 ## - ИНДЕКСЫ ДРУГИХ КЛАССИФИКАЦИЙ |
| Издание |
2000 |
| Код системы |
общеросс. классификатор стандартов |
| 686 1# - ИНДЕКСЫ ДРУГИХ КЛАССИФИКАЦИЙ |
| Индекс |
Р126.03я8 |
| 686 1# - ИНДЕКСЫ ДРУГИХ КЛАССИФИКАЦИЙ |
| Индекс |
Р11(2)1я8 |
| 712 01 - НАИМЕНОВАНИЕ ОРГАНИЗАЦИИ - ВТОРИЧНАЯ ОТВЕТСТВЕННОСТЬ |
| Начальный элемент ввода |
Российская Федерация |
| Структурное подразделение |
Федеральная служба по надзору в сфере защиты прав потребителей и благополучия человека |
| Идентификатор авторитетной/нормативной записи |
RU\NLR\AUTH\8810073282 |
| Код отношения |
Агентство по стандартам |
| 712 02 - НАИМЕНОВАНИЕ ОРГАНИЗАЦИИ - ВТОРИЧНАЯ ОТВЕТСТВЕННОСТЬ |
| Начальный элемент ввода |
Санкт-Петербургский НИИ радиационной гигиены им. П. В. Рамзаева |
| Идентификатор авторитетной/нормативной записи |
RU\NLR\AUTH\8810131242 |
| Код отношения |
Разработчик номерного издания |
| 942 ## - ДОПОЛНИТЕЛЬНЫЕ ЭЛЕМЕНТЫ ЗАПИСИ (АБИС) |
| Тип экземпляра АБИС |
Книга |
| 980 ## - КОЛЛЕКЦИЯ |
| Название коллекции |
Национальная библиография |